00302nam a2200121Ia 4500008004100000020002200041041000800063082002200071100001800093245002400111260003600135300000900171230519s9999 xx 000 0 und d a978-93-81390-35-1 aeng aSO/301/NEE/DB0481 aNeelam Kumari aBehavioural Science bS Vikas and CoaJalandharc2016 a157p